| 000 | 00895nam a2200217 a 4500 | ||
|---|---|---|---|
| 008 | 120416s1997 ||||||||||||||||| || u | ||
| 020 | _a0821339559 | ||
| 050 | _aIBRD(08)TP/366 | ||
| 100 | _aWhite, Howard | ||
| 245 | 1 | 0 |
_aCombining the quantitative and qualitative approaches to poverty measurement and analysis: the practice and the potential _cSoniya Carvalho; Howard White |
| 260 |
_aWashington, D. C. _bWorld Bank _c1997 |
||
| 300 | _avi, 30p. : ill. | ||
| 350 | _a0.00 | ||
| 490 | _aWORLD BANK TECHNICAL PAPER | ||
| 650 | _aPOOR--RESEARCH--DEVELOPING COUNTRIES | ||
| 650 | _aPOVERTY--MATHEMATICAL MODELS | ||
| 650 | _aPOVERTY--STATISTICAL METHODS | ||
| 700 | _aCarvalho, Soniya | ||
| 710 | _aWorld Bank | ||
| 995 |
_D0.00 _FCBU-MAIN LIBRARY (Kitwe) _H1 _I0.00 _M1 _UAVAILABLE _WNov 17, 2008 _ZInternational Publications |
||
| 999 |
_c37750 _d37750 |
||